ბათუმის შოთა რუსთაველის სახელმწიფო უნივერსიტეტის ბიბლიოთეკა

ისტორიის სწავლების მეთოდიკა : (ბიბ.ჩანაწერი № 56137)

000 -ლიდერი
ფიქსირებული სიგრძის საკონტროლო ველი 01779nam a2200265Ia 4500
001 - საკონტროლო ნომერი
საკონტროლო ველი 23238
003 - საკონტროლო ნომრის იდენტიფიკატორი
საკონტროლო ველი GE_BSU
005 - ბოლო ოპერაციის თარიღი და დრო
საკონტროლო ველი 20251113203742.0
008 - ფიქსირებული სიგრძის მონაცემთა ელემენტები - ზოგადი ინფორმაცია
ფიქსირებული სიგრძის საკონტროლო ველი 181216s1999||||ge |||||||||||||| ||geo||
040 ## - კატალოგიზაციის წყარო
Transcribing agency GE_BSU
041 ## - ენის კოდი
Language code of text/sound track or separate title geo
080 ## - უნივერსალური ათობითი კლასიფიკაციის ინდექსი
Universal Decimal Classification number 93/94(072)(042.4) ვ-19
100 ## - მთავარი ჩანაწერი - პიროვნების სახელი
Personal name ვარდოსანიძე, სერგო
9 (RLIN) 26220
245 ## - ცნობა სათაურის შესახებ
Title ისტორიის სწავლების მეთოდიკა :
Remainder of title ლექციების კურსი /
Statement of responsibility, etc სერგო ვარდოსანიძე, ზოია ჩიმაკაძე, ელგა ცქიტიშვილი ; [რედ.: ვალერიან ცაავა] ; თბილისის სახ. პედ. უნ-ტი.
264 ## - წარმოების, გამოცემის, დისტრიბუციის და სხვა ცნობები
გამოცემის, წარმოების, დისტრიბუციის... ადგილი თბილისი :
გამოცემის, წარმოების, დისტრიბუციის... სახელწოდება ?,
გამოცემის, წარმოების, დისტრიბუციის... თარიღი 1999.
300 ## - ფიზიკური აღწერა
Extent 299 გვ. ;
Dimensions 20 სმ.
500 ## - ზოგადი შენიშვნა
General note სახელმძღვანელოში გაანალიზებულია საშუალო სკოლაში ისტორიის სწავლების ამოცანები, პროგრამები, ისტორიის სასკოლო კურსის შინაარსის საკითხი, გაკვეთილის ჩატარების მეთოდიკა და სხვა.
653 ## - INDEX TERM--UNCONTROLLED
Uncontrolled term ისტორიის სწავლების მეთოდიკა
653 ## - INDEX TERM--UNCONTROLLED
Uncontrolled term ლექციების კურსი
700 ## - ADDED ENTRY--PERSONAL NAME
Personal name ჩიმაკაძე, ზოია
Relator term ავტორი
9 (RLIN) 26221
700 ## - ADDED ENTRY--PERSONAL NAME
Personal name ცქიტიშვილი, ელგა
Relator term ავტორი
9 (RLIN) 26222
700 ## - ADDED ENTRY--PERSONAL NAME
Personal name ცაავა, ვალერიან
Relator term რედაქტორი
9 (RLIN) 26223
942 ## - ADDED ENTRY ELEMENTS (KOHA)
Koha item type წიგნი
Source of classification or shelving scheme
ეგზემპლარები
ჩამოწერის სტატუსი დაკარგული ეგზემპლარის სტატუსი კლასიფიკაციის წყარო ან თაროზე გაწყობის სქემა დაზიანების სტატუსი არ გაიცემა მუდმივი მდებარეობა (დაცვის ადგილი) ამჟამინდელი ადგილსამყოფელი თაროზე განთავსების ადგილი შეძენის თარიღი ღირებულება, შესყიდვის ნორმალური ფასი სრული შენახვის შიფრი შტრიხკოდი ბოლო ოპერაციის თარიღი ეგზემპლარის მიმდევრობითი ნომერი (კეტერი?) ფასის ძალაში შესვლის თარიღი ეგზემპლარის სახეობა საჯარო შენიშვნა
          ბათუმის შოთა რუსთაველის სახელმწიფო უნივერსიტეტის მთავარი ბიბლიოთეკა ბათუმის შოთა რუსთაველის სახელმწიფო უნივერსიტეტის მთავარი ბიბლიოთეკა წიგნსაცავი 2018-12-17 15.00 93/94(072)(042.4) ვ-19 28238 2018-12-17 28238 2018-12-17 წიგნი 15.00 ₾.